000 00332 a2200109 4500
001 ART_17988
005 20260410161656.0
008 260409a
245 1 0 _aLa estartegia frente a las inspecciones impositivas
100 1 _aSequeira, Marcos A.
773 0 _tPráctica profesional
_g- Nº 120 (jun. 2010)
_wREV542
999 _c14718
_d14718